Významný slovenský výtvarník Albín Brunovský pre Pravdu: Divadlo sveta hlboko v nás

Bibliographic Details
Main Authors: Brunovský, Albín, 1935-1997 (Author), Babín, Emil, 1960- (Author)
Format: Article
Language:Slovak
PhysicalDescription:Fotogr. 1
Subjects:

MARC

LEADER 00000nab a2200000 a 4500
001 vtls000584599
003 SK-MaSNL
005 20260303011358.0
008 160216c1996 xo 0 slo
015 |a SNBRB19rr/mm-uuuuu 
035 |a CL0584738 
040 |a SNKBUCL  |b slo  |c SNKBUCL  |e AACR2 
041 0 |a slo 
044 |a xo  |c SK 
080 |a 76.071.1  |2 1981 
080 |a 75.071.1  |2 1981 
080 |a 929 Brunovský, Albín  |2 1981 
100 1 |a Brunovský, Albín,  |d 1935-1997  |4 aut  |9 194164 
245 1 0 |a Významný slovenský výtvarník Albín Brunovský pre Pravdu: Divadlo sveta hlboko v nás  |c Albín Brunovský, Emil Babín 
300 |b Fotogr. 1 
600 1 7 |a Brunovský, Albín,  |d 1935-1997  |2 snkbucl  |9 194164 
655 7 |a články z novín a časopisov  |2 snkbucl  |9 267496 
700 1 |a Babín, Emil,  |d 1960-  |4 aut  |9 28270 
773 0 |t Pravda  |g Roč. 6, č. 120 (24. 5. 1996), s. 1 a 4 
850 |a Slovenská národná knižnica v Martine  |a MTA001 
852 |a SNK  |b KIS3GCP 
958 |a BX 
958 |a RK 
992 |a RBX 
999 |c 1591832  |d 1593762